000 00288nam a22001337a 4500
008 170620b xxu||||| |||| 00| 0 eng d
020 _a01357371209
041 _aeng
080 _a32
100 _a20
101 _aSHP
245 _aMODERN ECONOMY
_cOPPENNEINER.J.A
942 _2udc
_cBK
999 _c18298
_d18298